Kollisionen durch extraterritoriale staatliche Regelungen im internationalen Wirtschaftsrecht
I tiakina i:
| Kaituhi matua: | |
|---|---|
| Hōputu: | Pukapuka |
| Reo: | Tiamana |
| I whakaputaina: |
Berlín
Carl Heymanns
1989
|
| Ngā marau: | |
| Ngā Tūtohu: |
Tāpirihia he Tūtohu
Kāore He Tūtohu, Me noho koe te mea tuatahi ki te tūtohu i tēnei pūkete!
|
MARC
| LEADER | 00000nam a2200000 a 4500 | ||
|---|---|---|---|
| 001 | UCY5124 | ||
| 003 | CL-VaPUC | ||
| 008 | 950412e19890000GW |||||||||||||||||ger|d | ||
| 082 | 0 | 4 | |a 343.08 |b GEO |2 21 |
| 100 | 0 | |a Georgieff, Alexander |e author |9 333748 | |
| 245 | 1 | 0 | |a Kollisionen durch extraterritoriale staatliche Regelungen im internationalen Wirtschaftsrecht |
| 300 | |a 133 p | ||
| 942 | |c BK | ||
| 945 | |d 19950412 00:00:00 |a aalvarez | ||
| 260 | |a Berlín |b Carl Heymanns |c 1989 | ||
| 650 | 0 | |a Derecho económico |9 259197 | |
| 583 | |a last modification |c 19950412 00:00:00 |k Rodrigo Vera | ||
| 999 | |c 232841 |d 232839 | ||
| 952 | |0 0 |1 0 |4 0 |6 343_080000000000000_GEO_1989 |7 0 |8 A |9 237760 |a BIBDER |b BIBDER |d 2019-11-18 |i 3075729 |o 343.08 GEO 1989 |p 3075729 |r 2023-01-25 |w 2019-11-18 |y BK |k DER | ||